000 00710nam a22001937a 4500
999 _c16214
_d16214
003 AR-CdUCM
008 190502b ||||| |||| 00| 0 eSP d
040 _aMUNICIPALIDAD PROVINCIAL DEL CUSCO
_cBIBLIOTECA MUNICIPAL DEL CUSCO
082 _a943.9 /
_bS99
100 _aSzabo, Tamas
_935520
245 _aMuchachos en los Tejados /
_cTamas Szabo
260 _aParís :
_bAgora,
_c1959.
300 _a182 paginas ;
_c16 cm.
505 _aEn la esquina de la calle brody sondor una joven me da un volante -- Nuestra primera aventura -- La escuela se convierte en un cuartel ...
650 _aRevolución húngara
_935521
650 _aAcontecimientos
_935522
942 _2ddc
_cLIBROS
945 _aacrt
_d2019-05-02